100 most valuable soccer players in the world - Statistics

General Stats
  • This quiz has been taken 112 times
  • The average score is 62 of 100
Answer Stats
# Value Club Nationality Answer % Correct
1 200m Manchester City Norway Erling Haaland
100%
3 180m Real Madrid England Jude Bellingham
99%
4 180m Real Madrid France Kylian Mbappe
99%
6 150m Manchester City England Phil Foden
95%
2 200m Real Madrid Brazil Vinicius Jr
94%
79 55 Tottenham Hotspur Netherlands Micky Van de Ven
91%
11 130m Manchester City Spain Rodri
91%
5 120m Barcelona Spain Yamine Yamal
91%
7 140m Arsenal England Bukayo Saka
89%
18 100m Bayer Munich England Harry Kane
89%
14 110m Inter Argentina Lautaro Martinez
87%
10 130m Real Madrid Uruguay Federico Valverde
86%
15 110m Arsenal Norway Martin Odegaard
86%
9 130m Bayer Munich Germany Jamal Musiala
85%
13 110m Real Madrid Brazil Rodrygo
85%
12 120m Arsenal England Declan Rice
84%
8 130m Bayer Leverkusen Germany Florian Wirtz
84%
22 80m Barcelona Spain Pedri
83%
16 100m Real Madrid France Eduardo Camavinga
82%
30 75m Chelsea Argentina Enzo Fernandez
78%
26 80m Liverpool Colombia Luis Diaz
78%
20 90m Chelsea England Cole Palmer
77%
19 90m Barcelona Spain Gavi
77%
38 75m Newcastle Sweden Alexander Isak
74%
32 75m Liverpool Argentina Alexis Mac Allister
74%
33 75m Manchester City Croatia Josko Gvardiol
74%
94 55 Liverpool Egypt Mohamed Salah
74%
57 65m Manchester United Portugal Bruno Fernandez
73%
27 80m Manchester City Portugal Ruben Diaz
73%
31 75m Atletico de Madrid Argentina Julian Alvarez
72%
25 80m Arsenal France William Saliba
72%
46 70m Manchester City Portugal Bernardo Silva
71%
29 75m Chelsea Ecuador Moises Caicedo
71%
40 70m Athletic Bilbao Spain Nico Williams
71%
37 75m AC Milan Portugal Rafael Leao
71%
24 80m Napoli Georgia Khvicha Kvaratskhelia
70%
50 65m Liverpool Uruguay Darwin Nunez
69%
39 75m Arsenal Germany Kai Havertz
69%
41 70m Barcelona Uruguay Ronald Araujo
69%
21 85m Newcastle Brazil Bruno Guimaraes
68%
34 75m Liverpool Hungary Dominik Szoboszlai
68%
44 70m Liverpool England Trent Alexander-Arnold
68%
42 70m Sporting CP Sweden Viktor Gyokeres
67%
28 80m Inter Italy Nicolo Barella
66%
68 60m Paris Saint-Germain Morocco Achraf Hakimi
63%
43 70m Inter Italy Alessandro Bastoni
63%
53 65m Tottenham Hotspur Argentina Christian Romero
63%
52 65m Juventus FC Serbia Dusan Vlahovic
63%
48 65m Manchester United Denmark Rasmus Hojlund
63%
23 80m RB Leipzig Netherlands Xavi Simons
63%
61 60m Arsenal Brazil Gabriel Martinelli
62%
73 60m Paris Saint-Germain France Ousmane Dembele
62%
71 60m Barcelona Netherlands Frenkie De Jong
61%
51 65m Manchester City Belgium Jeremy Doku
61%
80 55 Paris Saint-Germain Portugal Vitinha
61%
67 60m Real Madrid Brazil Eder Militao
60%
35 75m Arsenal Brazil Gabriel Magalhaes
60%
49 65m Bayer Munich France Michael Olise
58%
47 65m Paris Saint-Germain France Bradley Barcola
56%
74 60m Manchester United England Marcus Rashford
56%
56 65m Inter France Marcus Thuram
56%
55 65m Aston Villa England Ollie Watkins
56%
93 55 Manchester City England Jack Grealish
55%
78 55 Paris Saint-Germain Portugal Nuno Mendes
55%
66 60m Barcelona Brazil Raphinha
55%
89 55 Arsenal Brazil Gabriel Jesus
54%
92 55 Manchester United Netherlands Matthijs De Ligt
54%
58 60m Real Madrid Brazil Endrick
53%
70 60m AC Milan France Theo Hernandez
53%
45 70m Tottenham Hotspurs England James Maddison
52%
87 55 Barcelona France Jules Kounde
52%
86 55 Tottenham Hotspur Sweden Dejan Kulusevski
51%
75 60m Bayer Munich Germany Leroy Sane
51%
69 60m RB Leipzig Belgium Lois Openda
48%
99 50 RB Leipzig Slovenia Benjamin Sesko
47%
85 55 Liverpool Netherlands Cody Gakpo
47%
72 60m Barcelona Barcelona Dani Olmo
47%
64 60m Crystal Palance England Eberechi Eze
47%
60 60m Paris Saint-Germain Portugal Joao Neves
47%
84 55 West Ham United Brazil Lucas Paqueta
46%
97 50 Manchester City Brazil Savinho
46%
95 50 Manchester United Argentina Alejandro Garnacho
45%
54 65m Chelsea France Christopher Nkunku
45%
91 55 Arsenal England Ben White
44%
62 60m Juventus FC Brazil Bremer
44%
100 50 Brighton and Hove Albion Brazil Joao Pedro
44%
81 55 Chelsea Portugal Pedro Neto
44%
63 60m Newcastle England Anthony Gordon
40%
59 60m Paris Saint-Germain France Warren Zaire-Emery
40%
82 55 Aston Villa Belgium Amadou Onana
39%
36 75m Galatasaray Nigeria Victor Oshimen
38%
65 60m Real Sociedad Spain Martin Zubimendi
35%
76 55 Manchester United France Leny Yoro
32%
83 55 Juventus Brazil Douglas Luiz
31%
77 55 Manchester United England Kobbie Mainoo
31%
90 55 Juventus Netherlands Teun Koopmeiners
31%
98 50 Barcelona Spain Fermin Lopez
30%
96 50 Bayer Munich Germany Aleksandar Pavlovic
29%
88 55 Al-Ittihad Club France Moussa Diaby
27%
17 100m Real Madrid France Aurelien Tchouamendi
15%
No matching quizzes found
Score Distribution
Percent of People with Each Score
Percentile by Number Answered
Your Score History
You have not taken this quiz